000
00283nam a22001217a 4500
003
SGT
082
_a
342.08
_b
BEH
100
_a
BEHSI NAVEEN
245
_a
RIGHT TO LIFE AND PERSONAL LIBERTY UNDER ARTICLE 21 OF INDIAN CONSTITUTION
260
_c
2021
300
_a
31
942
_2
ddc
_c
TH
999
_c
34062
_d
34062